Comparación de variedades de gramíneas forrajeras perennes en Coronel Suárez /

Guardado en:
Autor Principal: Arzadún, Martín Juan.
Formato: Libro
Idioma:Spanish
Publicado: Coronel Suárez : Campo Experimental de Coronel Suárez, 1992.
Etiquetas: Agregar Etiqueta
Sin Etiquetas, Sea el primero en etiquetar este registro!
LEADER 00514nam a22001335a 4500
001 EEA.libagro005404
005 20180629113048.0
008 130809s1992####ag#a##########000#0#spa#d
082 0 4 |a 636.20823 
100 1 |a Arzadún, Martín Juan. 
245 1 0 |a Comparación de variedades de gramíneas forrajeras perennes en Coronel Suárez /  |c Martín Juan Arzadún. 
260 |a Coronel Suárez :  |b Campo Experimental de Coronel Suárez,  |c 1992. 
300 |a 8 p. :  |b il. ;  |c 28 cm. 
859 |a AR-BbBCA  |b BIB. AGRONOMIA  |h 633.20823  |i A797  |p 1996/2718